LEADER 01193oam 2200349 a 450 001 9910698515803321 005 20090722090254.0 035 $a(CKB)4950000000069245 035 $a(OCoLC)269366561 035 $a(EXLCZ)994950000000069245 100 $a20081106d2008 ua 0 101 0 $aeng 135 $aurbn||||||||| 181 $ctxt$2rdacontent 182 $cc$2rdamedia 183 $acr$2rdacarrier 200 10$aDepartment of Justice$b[electronic resource] $ehearing before the Committee on the Judiciary, House of Representatives, One Hundred Tenth Congress, second session, February 7, 2008 210 1$aWashington :$cU.S. G.P.O.,$d2008. 215 $aiii, 223 pages $cdigital, PDF file 300 $aTitle from title screen (viewed on Nov. 6, 2008). 300 $a"Serial no. 110-119." 320 $aIncludes bibliographical references. 517 $aDepartment of Justice 606 $aJustice, Administration of$zUnited States$xEvaluation 615 0$aJustice, Administration of$xEvaluation. 801 0$bGPO 801 1$bGPO 801 2$bGPO 906 $aBOOK 912 $a9910698515803321 996 $aDepartment of Justice$93429599 997 $aUNINA